Adivina el logo - Argentina 9 - Estadísticas

Estadísticas generales
  • Esta prueba ha sido intentada 42 veces
  • La puntuación promedio es 10 de 16
Estadísticas de respuestas
Imagen Respuesta % Correcto
Danonino
88%
Kinder
88%
Olé
85%
Off
82%
Todo Noticias
79%
Marlboro
73%
Java
64%
Dog Chow
61%
Ivess
55%
Jetix
55%
Lysoform
55%
Juegos Olímpicos
52%
Personal
48%
Genius
36%
AutoMc
24%
Santillana
18%
No se encontraron pruebas coincidentes
Distribución de puntuación
Porcentaje de gente con cada puntuación
Porcentaje por número respondido
Historial de tus puntuaciones
No has intentado esta prueba.